| 000 | 00550nam a22001457a 4500 | ||
|---|---|---|---|
| 003 | MACL | ||
| 005 | 20170305125540.0 | ||
| 008 | 170305b xxu||||| |||| 00| 0 eng d | ||
| 040 | _cMACL | ||
| 100 |
_aरवींद्रनाथ _966825 |
||
| 245 | _aरवींद्रनाथ टैगोर रचनावली ख्ाण्ड - 48 | ||
| 260 |
_aनई दिल्ली _bसस्ता साहित्य मण्डल प्रकाशन _c2014 |
||
| 650 |
_aरचनावली _9163 |
||
| 942 |
_2ddc _cHIN |
||
| 999 |
_c56116 _d56116 |
||